[Event "LK jeugd t/m 12 jaar"]
[Site "Buggenum"]
[Date "2007.12.30"]
[Round "14"]
[White "Klokgieters, Jeroen"]
[Black "Van Meegen, Ruud"]
[Result "0-1"]
[WhiteElo "944"]
[BlackElo "1434"]
[PlyCount "60"]
[EventDate "2007.12.28"]
[EventType "tourn"]
[EventRounds "17"]
[EventCountry "NED"]
[Source "P.Boonen"]
[SourceDate "2015.01.01"]

1. e4 c5 2. Nf3 d6 3. Nc3 Nf6 4. Bc4 Nc6 5. O-O g6 6. h3 Bg7 7. d3 O-O 8. Bf4
Bd7 9. Rb1 Nh5 10. Bd2 a6 11. a4 Rc8 12. Re1 Nd4 13. b3 Nxf3+ 14. Qxf3 e6 15.
Qd1 Bc6 16. Qc1 d5 17. exd5 exd5 18. Bxd5 Bxd5 19. Bg5 Bf6 20. Bd2 Bc6 21. Be3
Bxc3 22. Rd1 Qd5 23. f3 Ng3 24. Kf2 Nf5 25. Rh1 Nxe3 26. Qxe3 Bd4 27. Qxd4
Qxd4+ 28. Ke1 Rfe8+ 29. Kd1 Qe3 30. Rf1 Qe2+ 0-1

[Event "LK jeugd t/m 12 jaar"]
[Site "Buggenum"]
[Date "2007.12.30"]
[Round "14"]
[White "Linssen, Freek"]
[Black "Maessen, Roy"]
[Result "0-1"]
[WhiteElo "1146"]
[BlackElo "1224"]
[PlyCount "54"]
[EventDate "2007.12.28"]
[EventType "tourn"]
[EventRounds "17"]
[EventCountry "NED"]
[Source "P.Boonen"]
[SourceDate "2015.01.01"]

1. e4 d5 2. exd5 Nf6 3. Nc3 Nxd5 4. Qf3 Be6 5. Bc4 c6 6. Bxd5 cxd5 7. d4 Nc6 8.
Be3 g6 9. O-O-O Bg7 10. Nge2 O-O 11. g3 Na5 12. b3 Rc8 13. Qg2 Qd7 14. Kb2 Rfd8
15. Nf4 Qc6 16. Nfe2 b5 17. Rc1 b4 18. Na4 Nc4+ 19. bxc4 Qxa4 20. c5 Qa3+ 21.
Ka1 Rc6 22. c3 b3 23. Rc2 bxc2 24. Rc1 Bf5 25. Rxc2 Bxc2 26. Nc1 e5 27. f4
Qxc3# 0-1

[Event "LK jeugd t/m 12 jaar"]
[Site "Buggenum"]
[Date "2007.12.30"]
[Round "14"]
[White "Verstappen, Thom"]
[Black "Yue, Tim"]
[Result "1-0"]
[WhiteElo "458"]
[BlackElo "1325"]
[PlyCount "25"]
[EventDate "2007.12.28"]
[EventType "tourn"]
[EventRounds "17"]
[EventCountry "NED"]
[Source "P.Boonen"]
[SourceDate "2015.01.01"]

1. e4 e5 2. Nf3 Bd6 3. Bc4 Qe7 4. Nc3 g6 5. Nd5 Qf8 6. d4 exd4 7. Qxd4 f6 8. g4
Be5 9. Nxe5 fxe5 10. Qxe5+ Kd8 11. Bg5+ Ne7 12. Bxe7+ Qxe7 13. Qxe7# 1-0

[Event "LK jeugd t/m 12 jaar"]
[Site "Buggenum"]
[Date "2007.12.30"]
[Round "14"]
[White "Wing Kee Yiek"]
[Black "De Ridder, Naomi"]
[Result "0-1"]
[WhiteElo "738"]
[BlackElo "1148"]
[PlyCount "90"]
[EventDate "2007.12.28"]
[EventType "tourn"]
[EventRounds "17"]
[EventCountry "NED"]
[Source "P.Boonen"]
[SourceDate "2015.01.01"]

1. e4 e5 2. Nf3 Nc6 3. Nc3 Nf6 4. Bb5 Bb4 5. Bxc6 dxc6 6. Ne2 Nxe4 7. Nxe5 Qe7
8. Nd3 Bd6 9. O-O Qg5 10. Nd4 Bh3 11. Qf3 Qg4 12. Qxg4 Bxg4 13. a3 Nf6 14. Nb4
O-O 15. c3 c5 16. Ndc2 cxb4 17. cxb4 Rfe8 18. d3 Bf5 19. Rd1 Ng4 20. Kf1 Nxh2+
21. Kg1 Ng4 22. g3 c5 23. b5 Bc7 24. b4 c4 25. d4 Bxc2 26. Bg5 Bxd1 27. Rxd1 f6
28. Bd2 Rad8 29. Bc3 Bb6 30. d5 Bxf2+ 31. Kg2 Rd6 32. Kf3 h5 33. a4 Red8 34. a5
Rxd5 35. Ra1 Rd3+ 36. Kg2 Rxc3 37. a6 Rxg3+ 38. Kf1 bxa6 39. Rxa6 c3 40. Rc6
Rb8 41. Rc5 Bxc5 42. bxc5 c2 43. c6 c1=Q+ 44. Ke2 Qb2+ 45. Kd1 Rg1# 0-1

[Event "LK jeugd t/m 12 jaar"]
[Site "Buggenum"]
[Date "2007.12.30"]
[Round "15"]
[White "De Ridder, Naomi"]
[Black "Broens, Damian"]
[Result "1-0"]
[WhiteElo "1148"]
[BlackElo "854"]
[PlyCount "83"]
[EventDate "2007.12.28"]
[EventType "tourn"]
[EventRounds "17"]
[EventCountry "NED"]
[Source "P.Boonen"]
[SourceDate "2015.01.01"]

1. e4 e5 2. Nf3 Nc6 3. Nc3 Nf6 4. d4 Bb4 5. Bg5 Be7 6. dxe5 O-O 7. exf6 Bxf6 8.
Bxf6 Qxf6 9. Qd2 h6 10. O-O-O d6 11. h3 Bd7 12. Nd4 Nb4 13. a3 Na6 14. Bxa6
bxa6 15. Nf3 Rab8 16. e5 dxe5 17. Qxd7 Rb7 18. Qd5 Qb6 19. Qb3 Qxb3 20. cxb3
Rxb3 21. Nxe5 Rb7 22. Rd2 f6 23. Ng6 Rc8 24. Rhd1 Rbb8 25. Ne7+ Kh7 26. Nxc8
Rxc8 27. Rd7 Kg8 28. Rd8+ Rxd8 29. Rxd8+ Kh7 30. Rd7 c5 31. Rxa7 h5 32. Rxa6 c4
33. Rc6 f5 34. a4 g6 35. a5 Kh6 36. a6 h4 37. a7 f4 38. a8=Q Kh5 39. Rc5+ g5
40. Qh8+ Kg6 41. Rc6+ Kf5 42. Qf6# 1-0

[Event "LK jeugd t/m 12 jaar"]
[Site "Buggenum"]
[Date "2007.12.30"]
[Round "15"]
[White "Maessen, Roy"]
[Black "Yue, Tim"]
[Result "0-1"]
[WhiteElo "1224"]
[BlackElo "1325"]
[PlyCount "72"]
[EventDate "2007.12.28"]
[EventType "tourn"]
[EventRounds "17"]
[EventCountry "NED"]
[Source "P.Boonen"]
[SourceDate "2015.01.01"]

1. d4 d5 2. Nf3 Nc6 3. e3 Nf6 4. Bd3 g6 5. O-O Bg7 6. b3 O-O 7. Ne5 Nxe5 8.
dxe5 Nd7 9. Bb2 Nxe5 10. Bxe5 Bxe5 11. c3 Qd6 12. f4 Bg7 13. Rf3 Bg4 14. Be2
Bxf3 15. Bxf3 Qc5 16. Qd2 b5 17. b4 Qd6 18. Na3 c6 19. Nc2 a5 20. bxa5 Rxa5 21.
Nd4 Rb8 22. c4 Ra7 23. Rb1 Bxd4 24. exd4 bxc4 25. Rxb8+ Qxb8 26. f5 Qb1+ 27.
Bd1 Rxa2 28. Qe1 Ra1 29. Qxe7 Qxd1+ 30. Kf2 Qxd4+ 31. Kf3 Rf1+ 32. Kg3 Qd3+ 33.
Kg4 h5+ 34. Kg5 Rxf5+ 35. Kh4 Qd4+ 36. Kh3 Qg4# 0-1

[Event "LK jeugd t/m 12 jaar"]
[Site "Buggenum"]
[Date "2007.12.30"]
[Round "15"]
[White "Meeuwissen, Tom"]
[Black "Klokgieters, Jeroen"]
[Result "0-1"]
[WhiteElo "477"]
[BlackElo "944"]
[PlyCount "126"]
[EventDate "2007.12.28"]
[EventType "tourn"]
[EventRounds "17"]
[EventCountry "NED"]
[Source "P.Boonen"]
[SourceDate "2015.01.01"]

1. e4 e5 2. Nf3 Nc6 3. Nc3 Nf6 4. Bb5 d6 5. d3 h6 6. Bxc6+ bxc6 7. Be3 Be7 8.
O-O Bg4 9. h3 Bh5 10. a4 O-O 11. Nh4 Bxd1 12. Raxd1 Rb8 13. b3 c5 14. Nf5 c6
15. Ra1 d5 16. exd5 cxd5 17. Nb5 a6 18. Na7 Qd7 19. Nxe7+ Qxe7 20. Nc6 Qc7 21.
Nxb8 Qxb8 22. Bxc5 Rc8 23. Be7 Nd7 24. Rac1 Re8 25. Ba3 e4 26. dxe4 Rxe4 27.
Rfe1 Rxe1+ 28. Rxe1 Nf6 29. Re3 d4 30. Re7 Qc8 31. Re2 Nd5 32. c4 Nc3 33. Rd2
Nb1 34. Rxd4 Nxa3 35. a5 Qb7 36. Rd8+ Kh7 37. Re8 Qxb3 38. c5 Qb5 39. Rc8 Qxa5
40. c6 Nb5 41. Ra8 Qb6 42. Rxa6 Qxa6 43. c7 Nxc7 44. g4 Ne6 45. f3 Qe2 46. Kh1
Qxf3+ 47. Kh2 h5 48. gxh5 Qxh5 49. Kg2 Nf4+ 50. Kf2 Nxh3+ 51. Ke3 Qf5 52. Kd4
g6 53. Kc4 g5 54. Kd4 g4 55. Kc4 g3 56. Kd4 g2 57. Kc4 g1=R 58. Kd4 Re1 59. Kc4
Qd7 60. Kc3 Rc1+ 61. Kb2 Rc8 62. Kb3 Qb7+ 63. Ka4 Ra8# 0-1

[Event "LK jeugd t/m 12 jaar"]
[Site "Buggenum"]
[Date "2007.12.30"]
[Round "15"]
[White "Peeters, Victor"]
[Black "Cremers, Daan"]
[Result "0-1"]
[WhiteElo "978"]
[BlackElo "1055"]
[PlyCount "112"]
[EventDate "2007.12.28"]
[EventType "tourn"]
[EventRounds "17"]
[EventCountry "NED"]
[Source "P.Boonen"]
[SourceDate "2015.01.01"]

1. e4 e5 2. Nf3 Nc6 3. Bb5 d6 4. Bxc6+ bxc6 5. O-O Nf6 6. Nc3 Be7 7. d3 O-O 8.
Re1 Bg4 9. h3 Bh5 10. g4 Bg6 11. Bg5 h6 12. Bh4 Nd7 13. Bxe7 Qxe7 14. d4 Rfe8
15. dxe5 dxe5 16. Qd3 Nb6 17. Rad1 Rad8 18. Qa6 Rxd1 19. Rxd1 Qf6 20. Rd3 Ra8
21. Re3 c5 22. Qb7 Qd8 23. Qc6 Qd6 24. Qxd6 cxd6 25. Rd3 Rd8 26. Nh4 a6 27.
Nxg6 fxg6 28. Nd5 Nxd5 29. Rxd5 Kf7 30. Kg2 Kf6 31. Kg3 h5 32. Kh4 g5+ 33. Kg3
h4+ 34. Kf3 Rf8 35. Ke3 Ke6 36. Rd2 g6 37. Kd3 Rd8 38. Kc4 Rf8 39. b4 cxb4 40.
Kxb4 Rf4 41. Re2 d5 42. f3 Rxf3 43. exd5+ Kxd5 44. Rh2 e4 45. Ka5 e3 46. Kxa6
Rf2 47. Rxf2 exf2 48. Kb6 f1=Q 49. a4 Qf2+ 50. Kb5 Qxc2 51. a5 Qc5+ 52. Ka6
Qc6+ 53. Ka7 Qb5 54. a6 Kc6 55. Ka8 Qxa6+ 56. Kb8 Qb7# 0-1

[Event "LK jeugd t/m 12 jaar"]
[Site "Buggenum"]
[Date "2007.12.30"]
[Round "15"]
[White "Van Meegen, Ruud"]
[Black "Linssen, Freek"]
[Result "1-0"]
[WhiteElo "1434"]
[BlackElo "1146"]
[PlyCount "75"]
[EventDate "2007.12.28"]
[EventType "tourn"]
[EventRounds "17"]
[EventCountry "NED"]
[Source "P.Boonen"]
[SourceDate "2015.01.01"]

1. e4 c5 2. Nf3 d6 3. d4 cxd4 4. Nxd4 e5 5. Nb5 a6 6. N5a3 Nf6 7. Nc3 Nc6 8.
Bg5 b5 9. Bxf6 gxf6 10. Nd5 Be6 11. c3 Bxd5 12. exd5 b4 13. cxb4 Nxb4 14. Qa4+
Ke7 15. Qxb4 Rb8 16. Qd2 Rg8 17. f3 Rg6 18. Bd3 Bh6 19. Qe2 Qa5+ 20. Kf1 Rg7
21. Qc2 Rb7 22. Nc4 Qxd5 23. Be4 Qb5 24. Bxb7 Qxb7 25. Rd1 d5 26. Na5 Qb5+ 27.
Qe2 Qxa5 28. a3 d4 29. Rxd4 Qc5 30. Rd1 Qc6 31. Qd3 Ke6 32. Qb3+ Ke7 33. g3 Rg8
34. Kg2 Rd8 35. Rxd8 Kxd8 36. Rd1+ Ke7 37. Qd3 a5 38. Qxh7 1-0

[Event "LK jeugd t/m 12 jaar"]
[Site "Buggenum"]
[Date "2007.12.30"]
[Round "15"]
[White "Van Mulekom, Maureen"]
[Black "Katoen, Tom"]
[Result "1/2-1/2"]
[WhiteElo "903"]
[BlackElo "832"]
[PlyCount "45"]
[EventDate "2007.12.28"]
[EventType "tourn"]
[EventRounds "17"]
[EventCountry "NED"]
[Source "P.Boonen"]
[SourceDate "2015.01.01"]

1. e4 c5 2. Nf3 d6 3. Bc4 Nf6 4. Nc3 g6 5. d3 Bg7 6. O-O O-O 7. Nd5 Nc6 8. Bd2
Bd7 9. Qc1 e6 10. Nxf6+ Qxf6 11. Bh6 Bxh6 12. Qxh6 Ne5 13. Nxe5 Qxe5 14. Qd2
Qxb2 15. h3 Qe5 16. c3 a6 17. d4 Qxe4 18. Rfe1 Qf5 19. dxc5 Qxc5 20. Be2 d5 21.
Qg5 Qxc3 22. h4 Rac8 23. Rec1 1/2-1/2

[Event "LK jeugd t/m 12 jaar"]
[Site "Buggenum"]
[Date "2007.12.30"]
[Round "15"]
[White "Verstappen, Thom"]
[Black "Wing Kee Yiek"]
[Result "0-1"]
[WhiteElo "458"]
[BlackElo "738"]
[PlyCount "92"]
[EventDate "2007.12.28"]
[EventType "tourn"]
[EventRounds "17"]
[EventCountry "NED"]
[Source "P.Boonen"]
[SourceDate "2015.01.01"]

1. e4 e5 2. Nf3 Nc6 3. Qe2 Nf6 4. d3 Bb4+ 5. Nbd2 Bxd2+ 6. Nxd2 Nd4 7. Qe3 O-O
8. Nb3 Ng4 9. Qd2 Nxb3 10. axb3 d6 11. f3 Nh6 12. d4 Qh4+ 13. g3 Qe7 14. f4
exf4 15. gxf4 Qh4+ 16. Kd1 Qg4+ 17. Be2 Qg2 18. Re1 Qxh2 19. e5 Bg4 20. exd6
cxd6 21. Ra5 Bxe2+ 22. Rxe2 Qg1+ 23. Re1 Qg4+ 24. Re2 Rfe8 25. Rd5 Rxe2 26.
Qxe2 Qg1+ 27. Qe1 Qg4+ 28. Qe2 Qd7 29. Qg2 Re8 30. Rh5 Qe6 31. Bd2 a5 32. Rh1
Nf5 33. d5 Ne3+ 34. Bxe3 Qxe3 35. Rg1 g6 36. Rh1 Qd4+ 37. Kc1 Qe3+ 38. Kb1 Rc8
39. Qh2 Kf8 40. Qh3 Qxf4 41. Qh4 Qe5 42. Qxh7 Ke7 43. Qh4+ g5 44. Qg4 f5 45.
Qxg5+ Kd7 46. Qh5 Qxd5 0-1

[Event "LK jeugd t/m 12 jaar"]
[Site "Buggenum"]
[Date "2007.12.30"]
[Round "16"]
[White "Cremers, Daan"]
[Black "De Ridder, Naomi"]
[Result "0-1"]
[WhiteElo "1055"]
[BlackElo "1148"]
[PlyCount "127"]
[EventDate "2007.12.28"]
[EventType "tourn"]
[EventRounds "17"]
[EventCountry "NED"]
[Source "P.Boonen"]
[SourceDate "2015.01.01"]

1. e4 e5 2. Nf3 Nc6 3. Nc3 Nf6 4. Bc4 Nxe4 5. Nxe4 d5 6. Bxd5 Qxd5 7. Nc3 Qa5
8. a3 Bg4 9. h3 Bh5 10. d3 O-O-O 11. Bd2 Nd4 12. Ne4 Qd5 13. c4 Qc6 14. g4 Bg6
15. Nxe5 Qe6 16. Nxg6 Qxg6 17. Be3 Be7 18. Qa4 Kb8 19. O-O-O Ne2+ 20. Kb1 Nd4
21. c5 Nc6 22. f3 f5 23. Nf2 fxg4 24. Nxg4 Rxd3 25. Rxd3 Qxd3+ 26. Qc2 Qxc2+
27. Kxc2 Rd8 28. Rd1 Rf8 29. f4 Rf5 30. b4 h5 31. Nf2 a6 32. Rd2 g5 33. fxg5
Bxg5 34. Bxg5 Rxg5 35. Kc3 Rg2 36. Ne4 Ne5 37. Rd5 Nf7 38. Rxh5 Re2 39. Ng5
Nxg5 40. Rxg5 Re3+ 41. Kd4 Rxh3 42. Re5 Rxa3 43. Kc4 Ra4 44. Kb3 Ra1 45. Kb2
Rf1 46. Kc3 Rf3+ 47. Kb2 Rf4 48. Kc3 Rf6 49. Kc4 b6 50. Kd5 a5 51. cxb6 cxb6
52. bxa5 bxa5 53. Kc4 Ra6 54. Re1 Kb7 55. Ra1 Kb6 56. Ra4 Ra7 57. Kb3 Kb5 58.
Ra1 a4+ 59. Ka3 Rc7 60. Rb1+ Ka5 61. Ra1 Rc3+ 62. Kb2 Rc4 63. Ka3 Kb5 64. Rb1+
0-1

[Event "LK jeugd t/m 12 jaar"]
[Site "Buggenum"]
[Date "2007.12.30"]
[Round "16"]
[White "Huibers, Lars"]
[Black "Van Oeteren, Roy"]
[Result "1-0"]
[WhiteElo "721"]
[BlackElo "792"]
[PlyCount "65"]
[EventDate "2007.12.28"]
[EventType "tourn"]
[EventRounds "17"]
[EventCountry "NED"]
[Source "P.Boonen"]
[SourceDate "2015.01.01"]

1. e4 e5 2. Nf3 Nc6 3. Nc3 Nf6 4. Bb5 Bb4 5. Bxc6 dxc6 6. Nxe5 Bxc3 7. bxc3
Nxe4 8. d3 Nxc3 9. Qd2 Nd5 10. O-O O-O 11. c4 Nb6 12. Bb2 Na4 13. Qc2 Nxb2 14.
Qxb2 Bf5 15. Qc3 Qf6 16. Rfe1 Rae8 17. Rad1 Re7 18. Rd2 Rfe8 19. Rde2 Rd8 20.
Rd2 Rde8 21. d4 b6 22. h3 c5 23. Rde2 cxd4 24. Qxd4 c5 25. Qc3 a6 26. a4 Rb8
27. g4 Bd7 28. Qb2 b5 29. cxb5 axb5 30. f4 Qxf4 31. Nxd7 Rxd7 32. Re8+ Rxe8 33.
Rxe8# 1-0

[Event "LK jeugd t/m 12 jaar"]
[Site "Buggenum"]
[Date "2007.12.30"]
[Round "16"]
[White "Klokgieters, Jeroen"]
[Black "Van Mulekom, Maureen"]
[Result "1-0"]
[WhiteElo "944"]
[BlackElo "903"]
[PlyCount "51"]
[EventDate "2007.12.28"]
[EventType "tourn"]
[EventRounds "17"]
[EventCountry "NED"]
[Source "P.Boonen"]
[SourceDate "2015.01.01"]

1. e4 e5 2. Nf3 Nc6 3. Nc3 Nf6 4. Bc4 Bc5 5. O-O O-O 6. d3 d6 7. h3 Nd4 8. Nxd4
Bxd4 9. Bd2 Bxc3 10. Bxc3 c6 11. a4 d5 12. Ba2 dxe4 13. dxe4 Qxd1 14. Raxd1
Nxe4 15. Bxe5 b5 16. a5 Ba6 17. b4 Rfe8 18. Bb2 Rac8 19. Rde1 Nd2 20. Rxe8+
Rxe8 21. Rd1 Nc4 22. Bxc4 bxc4 23. c3 Bc8 24. Rd6 Re6 25. Rd8+ Re8 26. Rxe8#
1-0

[Event "LK jeugd t/m 12 jaar"]
[Site "Buggenum"]
[Date "2007.12.30"]
[Round "16"]
[White "Linssen, Freek"]
[Black "Meeuwissen, Tom"]
[Result "1/2-1/2"]
[WhiteElo "1146"]
[BlackElo "477"]
[PlyCount "98"]
[EventDate "2007.12.28"]
[EventType "tourn"]
[EventRounds "17"]
[EventCountry "NED"]
[Source "P.Boonen"]
[SourceDate "2015.01.01"]

1. e4 e5 2. Nf3 Nc6 3. d4 f6 4. Nc3 Bb4 5. a3 Bxc3+ 6. bxc3 d5 7. exd5 Qxd5 8.
c4 Qe4+ 9. Be2 Bg4 10. O-O Bxf3 11. Bxf3 Qg6 12. Bxc6+ bxc6 13. d5 Rd8 14. Be3
Ne7 15. Bxa7 cxd5 16. cxd5 Nxd5 17. Qf3 Qxc2 18. Rad1 c6 19. Rc1 Qa4 20. Bc5
Qf4 21. Qxf4 exf4 22. Rfe1+ Kd7 23. g3 fxg3 24. hxg3 Rhe8 25. Rxe8 Rxe8 26. a4
Nc7 27. a5 Ra8 28. Bb6 Nd5 29. Ra1 Nxb6 30. Rd1+ Kc7 31. axb6+ Kxb6 32. Rd7 Ra7
33. Rd1 Ra5 34. f4 f5 35. Kg2 Rd5 36. Rh1 h6 37. Kf3 c5 38. Re1 c4 39. Re7 c3
40. Re3 c2 41. Rb3+ Ka5 42. Rc3 Rd2 43. Ke3 Rh2 44. Kd4 Rg2 45. Kc5 Ka6 46. Kc6
Ka5 47. Kc5 Ka6 48. Kc6 Ka5 49. Kc5 Ka6 1/2-1/2

[Event "LK jeugd t/m 12 jaar"]
[Site "Buggenum"]
[Date "2007.12.30"]
[Round "16"]
[White "Maessen, Roy"]
[Black "Van Meegen, Ruud"]
[Result "0-1"]
[WhiteElo "1224"]
[BlackElo "1434"]
[PlyCount "99"]
[EventDate "2007.12.28"]
[EventType "tourn"]
[EventRounds "17"]
[EventCountry "NED"]
[Source "P.Boonen"]
[SourceDate "2015.01.01"]

1. d4 d5 2. Nf3 Nf6 3. e3 c5 4. b3 Nc6 5. Bd3 e6 6. Bb2 Bd6 7. Ne5 O-O 8. O-O
a6 9. a3 Bd7 10. f4 b5 11. c4 cxd4 12. exd4 bxc4 13. bxc4 dxc4 14. Bxc4 Qb6 15.
Bc3 Nxe5 16. fxe5 Bxe5 17. Kh1 Bxh2 18. Kxh2 Qc7+ 19. Kg1 Qxc4 20. Rxf6 gxf6
21. Qg4+ Kh8 22. Qh4 Qd5 23. Qxf6+ Kg8 24. Bb4 Rfc8 25. Nc3 Qf5 26. Qxf5 exf5
27. Nd5 Rd8 28. Be7 Be6 29. Nf6+ Kg7 30. Bxd8 Rxd8 31. Nh5+ Kh6 32. Nf4 Rxd4
33. Nxe6 fxe6 34. Re1 Rd6 35. Kh2 Kg5 36. Kh3 Rd2 37. Kh2 Rd3 38. Rxe6 Rxa3 39.
Re7 h6 40. Rg7+ Kf6 41. Rh7 Kg6 42. Rh8 a5 43. Rg8+ Kf6 44. Rh8 Kg5 45. Rd8 Ra1
46. Rd7 Kg6 47. Rd6+ Kg5 48. Kg3 f4+ 49. Kh2 h5 50. Rd5+ {..... (63)} 0-1

[Event "LK jeugd t/m 12 jaar"]
[Site "Buggenum"]
[Date "2007.12.30"]
[Round "16"]
[White "Yue, Tim"]
[Black "Wing Kee Yiek"]
[Result "1-0"]
[WhiteElo "1325"]
[BlackElo "738"]
[PlyCount "31"]
[EventDate "2007.12.28"]
[EventType "tourn"]
[EventRounds "17"]
[EventCountry "NED"]
[Source "P.Boonen"]
[SourceDate "2015.01.01"]

1. e4 e5 2. Nf3 Nc6 3. d4 Nf6 4. dxe5 Nxe4 5. Bd3 Nc5 6. O-O Nxd3 7. Qxd3 Bc5
8. Nc3 O-O 9. a3 a5 10. Bg5 Qe8 11. Rfe1 b6 12. Nd5 Ra7 13. Bf6 Ba6 14. Qe4 Qe6
15. Ng5 Qe8 16. Qxh7# 1-0

[Event "LK jeugd t/m 12 jaar"]
[Site "Buggenum"]
[Date "2007.12.30"]
[Round "17"]
[White "Meeuwissen, Tom"]
[Black "Maessen, Roy"]
[Result "0-1"]
[WhiteElo "477"]
[BlackElo "1224"]
[PlyCount "120"]
[EventDate "2007.12.28"]
[EventType "tourn"]
[EventRounds "17"]
[EventCountry "NED"]
[Source "P.Boonen"]
[SourceDate "2015.01.01"]

1. e4 d5 2. Nc3 dxe4 3. Nxe4 Bf5 4. Bd3 Nc6 5. Qf3 Bxe4 6. Bxe4 Nd4 7. Qg4 Nf6
8. Qf4 Qd6 9. Qxd6 exd6 10. c3 Nxe4 11. cxd4 O-O-O 12. d3 Nf6 13. Bg5 Re8+ 14.
Ne2 Nh5 15. Rc1 h6 16. Be3 g5 17. h4 Nf4 18. hxg5 Nxd3+ 19. Kd1 Nxc1 20. Kxc1
Re6 21. d5 Rg6 22. Bd4 Bg7 23. Bxg7 Rxg7 24. gxh6 Rgh7 25. Ng3 Rxh6 26. Rxh6
Rxh6 27. Nf5 Rh2 28. Ne3 Kd8 29. f3 Ke7 30. g4 Rf2 31. Nf5+ Kf6 32. Nh4 Kg5 33.
Nf5 Rxf3 34. Ne7 Kxg4 35. Nc8 a6 36. b3 Re3 37. Kb2 Re8 38. Na7 Ra8 39. Nc6
bxc6 40. dxc6 Rb8 41. a4 Rb6 42. Ka3 Rxc6 43. b4 Rb6 44. a5 Rb5 45. Ka4 f5 46.
Kb3 Kg3 47. Kc2 Kg2 48. Kd2 c5 49. Ke3 Rxb4 50. Kd3 f4 51. Kc2 f3 52. Kd3 f2
53. Kc3 f1=Q 54. Kd2 Qf2+ 55. Kd3 d5 56. Kc3 d4+ 57. Kd3 Qe3+ 58. Kc2 Qe2+ 59.
Kc1 Qa2 60. Kd1 Rb1# 0-1

[Event "LK jeugd t/m 12 jaar"]
[Site "Buggenum"]
[Date "2007.12.30"]
[Round "17"]
[White "Peeters, Victor"]
[Black "Huibers, Lars"]
[Result "0-1"]
[WhiteElo "978"]
[BlackElo "721"]
[PlyCount "126"]
[EventDate "2007.12.28"]
[EventType "tourn"]
[EventRounds "17"]
[EventCountry "NED"]
[Source "P.Boonen"]
[SourceDate "2015.01.01"]

1. e4 e5 2. Nf3 Nc6 3. Bb5 d6 4. Bxc6+ bxc6 5. O-O Nf6 6. h3 Nxe4 7. d3 Nf6 8.
Bg5 h6 9. Bxf6 Qxf6 10. Nc3 Be7 11. Ne4 Qf4 12. b3 Qf5 13. Ng3 Qg6 14. d4 exd4
15. Nxd4 c5 16. Nc6 Bb7 17. Qd5 Bh4 18. Rfe1+ Kf8 19. Ne4 Qe6 20. Qxe6 fxe6 21.
Na5 Bxe4 22. Rxe4 Bf6 23. Rae1 Bc3 24. Nc6 Bxe1 25. Rxe1 e5 {[%emt 0:00:00]}
26. Re3 Ke8 27. Rg3 Kd7 28. Na5 g5 29. Rf3 Rhf8 30. Rxf8 Rxf8 31. Nc4 d5 32.
Nxe5+ Ke6 33. Ng6 Rg8 34. g4 Rxg6 35. Kg2 a5 36. Kf3 c4 37. bxc4 dxc4 38. Ke4
Rf6 39. f3 c5 40. c3 Kd6 41. a4 Rf4+ 42. Ke3 Ke5 43. Ke2 Rf6 44. Ke3 Rb6 45.
Kd2 Rb3 46. Kc2 Ra3 47. Kd2 Rxa4 48. Ke3 Ra2 49. h4 gxh4 50. f4+ Kf6 51. Ke4 h3
52. f5 h2 53. g5+ hxg5 54. Ke3 h1=R 55. Ke4 Ra3 56. Kd5 Rxc3 57. Kxc5 Rd1 58.
Kb5 Rd5+ 59. Ka4 Rd1 60. Kxa5 Rb1 61. Ka4 Rc2 62. Ka3 Rcb2 63. Ka4 Ra1# 0-1

[Event "LK jeugd t/m 12 jaar"]
[Site "Buggenum"]
[Date "2007.12.30"]
[Round "17"]
[White "Van Meegen, Ruud"]
[Black "Yue, Tim"]
[Result "1/2-1/2"]
[WhiteElo "1434"]
[BlackElo "1325"]
[PlyCount "39"]
[EventDate "2007.12.28"]
[EventType "tourn"]
[EventRounds "17"]
[EventCountry "NED"]
[Source "P.Boonen"]
[SourceDate "2015.01.01"]

1. e4 c5 2. Nf3 d6 3. d4 cxd4 4. Nxd4 Nf6 5. Nc3 g6 6. Be3 Nc6 7. f3 Bg7 8. Bc4
O-O 9. Qd2 Bd7 10. O-O-O Rc8 11. Bb3 Ne5 12. h4 Nc4 13. Bxc4 Rxc4 14. h5 a6 15.
hxg6 fxg6 16. g4 b5 17. Nde2 Be6 18. e5 Ne8 19. Bh6 Qa5 20. Bxg7 1/2-1/2

[Event "LK jeugd t/m 12 jaar"]
[Site "Buggenum"]
[Date "2007.12.30"]
[Round "17"]
[White "Van Mulekom, Maureen"]
[Black "Linssen, Freek"]
[Result "1-0"]
[WhiteElo "903"]
[BlackElo "1146"]
[PlyCount "49"]
[EventDate "2007.12.28"]
[EventType "tourn"]
[EventRounds "17"]
[EventCountry "NED"]
[Source "P.Boonen"]
[SourceDate "2015.01.01"]

1. e4 c5 2. Nf3 d6 3. d4 cxd4 4. Nxd4 Nf6 5. Nc3 e5 6. Nf3 Nc6 7. Bg5 h6 8. Bh4
Be6 9. Bb5 a6 10. Bxc6+ bxc6 11. O-O d5 12. exd5 cxd5 13. Bxf6 gxf6 14. h3 Qd7
15. Qd2 Bd6 16. Nxd5 Bxd5 17. Qxd5 Rg8 18. Qxa8+ Qd8 19. Qxd8+ Kxd8 20. Rad1
Ke7 21. Rd5 Rd8 22. Re1 Bb4 23. Red1 Rxd5 24. Rxd5 Ke6 25. Rd8 1-0

[Event "LK jeugd t/m 12 jaar"]
[Site "Buggenum"]
[Date "2007.12.30"]
[Round "17"]
[White "Van Oeteren, Roy"]
[Black "Katoen, Tom"]
[Result "0-1"]
[WhiteElo "792"]
[BlackElo "832"]
[PlyCount "66"]
[EventDate "2007.12.28"]
[EventType "tourn"]
[EventRounds "17"]
[EventCountry "NED"]
[Source "P.Boonen"]
[SourceDate "2015.01.01"]

1. e4 c5 2. Nc3 d6 3. Bb5+ Bd7 4. Bxd7+ Qxd7 5. d4 cxd4 6. Qxd4 Nc6 7. Qd1 Nf6
8. Nf3 g6 9. O-O Bg7 10. Bg5 O-O 11. Bxf6 Bxf6 12. Nd5 Bxb2 13. Rb1 Bg7 14. Nb4
Nxb4 15. Rxb4 a5 16. Rb1 Rab8 17. Nd2 b5 18. Nb3 a4 19. Na5 Ra8 20. c4 Rxa5 21.
cxb5 Rxb5 22. Qxa4 Rfb8 23. Rxb5 Rxb5 24. Qa8+ Bf8 25. Rc1 Rc5 26. Rb1 Rc8 27.
Rd1 Rxa8 28. e5 Rxa2 29. exd6 Qxd6 30. Rf1 Bg7 31. Rc1 Bd4 32. Rd1 Bxf2+ 33.
Kf1 Qxd1# 0-1

[Event "LK jeugd t/m 12 jaar"]
[Site "Buggenum"]
[Date "2007.12.30"]
[Round "17"]
[White "Verstappen, Thom"]
[Black "Cremers, Daan"]
[Result "0-1"]
[WhiteElo "458"]
[BlackElo "1055"]
[PlyCount "76"]
[EventDate "2007.12.28"]
[EventType "tourn"]
[EventRounds "17"]
[EventCountry "NED"]
[Source "P.Boonen"]
[SourceDate "2015.01.01"]

1. e4 e5 2. Bc4 Nf6 3. Bb3 Nxe4 4. Nf3 Nc6 5. Qe2 Nf6 6. Qc4 d5 7. Qb5 a6 8.
Qa4 b5 9. Qh4 Be7 10. c4 bxc4 11. Bc2 Ne4 12. Qh5 Nf6 13. Qh4 h6 14. Ng1 Nd4
15. Ba4+ Bd7 16. Bd1 Bf5 17. Nc3 O-O 18. h3 Ne4 19. Nxe4 Bxh4 20. g3 Bxe4 21.
gxh4 Bxh1 22. b3 cxb3 23. axb3 Qxh4 24. Ba3 Rab8 25. Ne2 Nxe2 26. Kxe2 Qxh3 27.
Bc2 Be4 28. d3 Qf3+ 29. Kd2 Qxf2+ 30. Kc3 Bf5 31. Rd1 d4+ 32. Kb2 Be6 33. Rh1
Rxb3+ 34. Kc1 Rxa3 35. Kb2 Rb3+ 36. Kc1 Rc3 37. Kb2 Qxc2+ 38. Ka1 Qa2# 0-1

[Event "LK jeugd t/m 12 jaar"]
[Site "Buggenum"]
[Date "2007.12.30"]
[Round "17"]
[White "Wing Kee Yiek"]
[Black "Broens, Damian"]
[Result "1-0"]
[WhiteElo "738"]
[BlackElo "854"]
[PlyCount "79"]
[EventDate "2007.12.28"]
[EventType "tourn"]
[EventRounds "17"]
[EventCountry "NED"]
[Source "P.Boonen"]
[SourceDate "2015.01.01"]

1. e4 e5 2. Nf3 Nc6 3. Bb5 d6 4. Bxc6+ bxc6 5. O-O Nf6 6. Nc3 Ba6 7. d3 Ng4 8.
Bg5 Be7 9. Bxe7 Qxe7 10. a3 O-O 11. Qc1 h6 12. b4 Rab8 13. Rb1 Qe6 14. a4 Rfe8
15. b5 cxb5 16. axb5 Bb7 17. Qa3 Ra8 18. d4 Bc8 19. d5 Qg6 20. Qa5 Nf6 21. Rfe1
Bh3 22. Nh4 Qg4 23. Kh1 Qxh4 24. gxh3 Qxh3 25. Rg1 Ng4 26. Rg2 Rec8 27. Rbg1
Nf6 28. Rxg7+ Kf8 29. Nd1 Qf3+ 30. R7g2 Qxe4 31. Qd2 Ng4 32. Rf1 Rab8 33. Nc3
Qf3 34. Kg1 Nf6 35. Qxh6+ Ke7 36. Qg7 Qxc3 37. Rg6 Ne4 38. Re6+ Kd7 39. Qxf7+
Kd8 40. Re8# 1-0